00463nam a2200157Ia 4500003000900000008004100009020001800050040001600068080001600084100001400100245008800114250001200202260003900214300001500253650003700268IN-BaIIA211028s9999 xx 000 0 eng d a9971-51-170-3 cIIA Library a621.39bHAY aHaykin, S 0aCommunication systemscS. Haykin  a3rd ed. aSingaporebJohn Wiley & Sonsc1995 axvi, 872p. aTelecommunication, Signal theory